El extranjero

保存先:
書誌詳細
第一著者: Camus, Albert (著者)
フォーマット: 図書
言語:スペイン語
出版事項: Madrid Alianza 1971
版:1a. ed
シリーズ:El Libro de Bolsillo Alianza. Sección Literatura, 312
主題:
タグ: タグ追加
タグなし, このレコードへの初めてのタグを付けませんか!

MARC

LEADER 00000cam a2200000 a 4500
001 UCP5774
003 CL-VaPUC
008 990927e19710000SP |||||||||||||||||spa|d
020 |a 8420613126 
082 0 4 |a 843  |b CAM  |2 21 
100 0 |a Camus, Albert  |e author  |9 315220 
245 1 3 |a El extranjero 
250 |a 1a. ed 
300 |a 131 p 
942 |c BK 
945 |d 19990927 00:00:00  |a cmena 
260 |a Madrid  |b Alianza  |c 1971 
650 0 |a Novela francesa  |9 264985 
650 0 |a Literatura francesa  |9 266330 
583 |a last modification  |c 20150527 02:25:00  |k Rodrigo Vera 
490 0 |a El Libro de Bolsillo Alianza. Sección Literatura, 312 
999 |c 283441  |d 283439 
952 |0 0  |1 0  |4 0  |6 843_000000000000000_CAM_1971  |7 0  |8 A  |9 326616  |a BIBEDU  |b BIBEDU  |d 2019-11-20  |i 4563476  |l 6  |m 1  |o 843 CAM 1971  |p 4563476  |q 2025-05-30  |r 2025-04-30  |s 2025-04-30  |w 2019-11-20  |y BK  |k EPE 
952 |0 0  |1 0  |3 erb  |4 0  |6 843_000000000000000_CAM_1971  |7 0  |8 A  |9 326619  |a BIBEDU  |b BIBEDU  |e Villagrán Garnham, Jorge  |i 517659K  |l 5  |o 843 CAM 1971  |p 517659K  |r 2024-05-02  |s 2024-04-29  |w 2019-11-20  |y BK  |z Catalogado en:20150529  |k LIT